Brawl Stars: All Gadgets, Star Powers and Hypercharges - Statistics

General Stats
  • This quiz has been taken 16 times
  • The average score is 26 of 476
Answer Stats
Brawler Category Answer % Correct
Shelly Star Power Band-Aid
67%
Shelly Gadget Fast Forward
42%
Emz Star Power Hype
42%
Nita Star Power Hyper Bear
42%
Brock Star Power Rocket No. Four
42%
Shelly Star Power Shell Shock
42%
Colt Gadget Silver Bullet
42%
Bull Star Power Berserker
33%
Shelly Gadget Clay Pigeons
33%
Dynamike Star Power Dyna-Jump
33%
El Primo Star Power El Fuego
33%
Bull Star Power Tough Guy
33%
Nita Star Power Bear with Me
25%
Shelly Hypercharge Double Barrel
25%
Barley Star Power Extra Noxious
25%
Nita Hypercharge Hyperbearing
25%
Colt Star Power Magnum Special
25%
Brock Gadget Rocket Fuel
25%
Bull Gadget Stomper
25%
Bull Gadget T-Bone Injector
25%
Mina Star Power Zum Zum Zum
25%
Kenji Hypercharge All You Can Eat
17%
El Primo Gadget Asteroid Belt
17%
Finx Gadget Back to the Finxture
17%
Nita Gadget Bear Paws
17%
Buster Star Power Blockbuster
17%
8-BIT Star Power Boosted Booster
17%
Byron Gadget Booster Shots
17%
Rico Gadget Bouncy Castle
17%
Fang Gadget Corn-Fu
17%
Poco Star Power Da Capo!
17%
Colt Hypercharge Dual Wielding
17%
Nita Gadget Faux Fur
17%
Fang Star Power Fresh Kicks
17%
Chuck Gadget Ghost Train
17%
Barley Gadget Herbal Tonic
17%
Byron Star Power Injection
17%
Byron Star Power Malaise
17%
Barley Star Power Medical Use
17%
El Primo Star Power Meteor Rush
17%
Brock Star Power More Rockets!
17%
Chuck Star Power Pit Stop
17%
Rosa Star Power Plant Life
17%
8-BIT Star Power Plugged In
17%
Finx Star Power Primer
17%
Carl Star Power Protective Pirouette
17%
Larry & Lawrie Star Power Protocol: Protect
17%
Clancy Star Power Recon
17%
Rico Star Power Robo Retreat
17%
Brock Gadget Rocket Laces
17%
Fang Gadget Roundhouse Kick
17%
Byron Gadget Shot In The Arm
17%
Colt Star Power Slick Boots
17%
Colt Gadget Speedloader
17%
Charlie Gadget Spiders
17%
Surge Hypercharge Stage 5
17%
Barley Gadget Sticky Syrup Mixer
17%
Rico Star Power Super Bouncy
17%
El Primo Gadget Suplex Supplement
17%
Finx Hypercharge Temporal Travelling
17%
Byron Hypercharge Unstable Concoction
17%
R-T Hypercharge 360-Degree Surveillance
8%
Lumi Star Power 42% Burnt
8%
Emz Gadget Acid Spray
8%
Frank Gadget Active Noise Canceling
8%
Maisie Hypercharge Aftermath
8%
8-BIT Hypercharge Aimbot
8%
Piper Hypercharge Aimin'
8%
Ollie Hypercharge Ain't No Half-Supering
8%
Piper Star Power Ambush
8%
Kaze Hypercharge Ancient Energy
8%
Piper Gadget Auto Aimer
8%
Tick Star Power Automa-Tick Reload
8%
Emz Star Power Bad Karma
8%
Bibi Star Power Batting Stance
8%
Nani Hypercharge Big Peep
8%
Gale Hypercharge Blizzard
8%
Mortis Hypercharge Blood Boomerang
8%
Spike Hypercharge Blooming Season
8%
Gale Star Power Blustery Blow
8%
Juju Hypercharge Bokor
8%
Mina Star Power Capo-What?
8%
Mandy Gadget Caramelize
8%
8-BIT Gadget Cheat Cartridge
8%
Kit Gadget Cheeseburger
8%
Bo Star Power Circling Eagle
8%
Leon Gadget Clone Projector
8%
Alli Gadget Cold-Blooded
8%
Jacky Star Power Counter Crush
8%
Jae-yong Hypercharge Crowd-Pleaser
8%
Spike Star Power Curveball
8%
Dynamike Star Power Demolition
8%
Charlie Star Power Digestive
8%
Fang Star Power Divine Soles
8%
Meeple Star Power Do Not Pass Go
8%
Fang Hypercharge Dragon Kick
8%
Lumi Hypercharge Drum Solo
8%
Jessie Star Power Energize
8%
8-BIT Gadget Extra Credits
8%
Doug Gadget Extra Mustard
8%
Bibi Gadget Extra Sticky
8%
Buzz Star Power Eyes Sharp
8%
Spike Star Power Fertilize
8%
Dynamike Gadget Fidget Spinner
8%
Maisie Gadget Finish Them!
8%
Draco Hypercharge Fire and Flames
8%
Carl Hypercharge Flamespin
8%
Carl Gadget Flying Hook
8%
Doug Hypercharge Free Toppings
8%
Emz Gadget Friendzoner
8%
Chuck Hypercharge Full Steam Ahead
8%
Eve Hypercharge Generations
8%
Lily Hypercharge Germinate
8%
Eve Gadget Gotta Go!
8%
Kaze Gadget Gracious Host
8%
Kaze Star Power Gratuity Included
8%
El Primo Hypercharge Gravity Leap
8%
Lumi Gadget Grim and Frostbitten
8%
Rosa Gadget Grow Light
8%
Eve Star Power Happy Surprise
8%
Jacky Star Power Hardy Hard Hat
8%
Gus Star Power Health Bonanza
8%
Carl Gadget Heat Ejector
8%
Penny Star Power Heavy Coffers
8%
Bibi Star Power Home Run
8%
Leon Star Power Invisiheal
8%
Frank Gadget Irresistible Attraction
8%
Bull Hypercharge Jaws of Steel
8%
Buster Star Power Kevlar Vest
8%
Gus Gadget Kooky Popper
8%
Gene Gadget Lamp Blowout
8%
Tick Gadget Last Hurrah
8%
Edgar Gadget Let's Fly
8%
Spike Gadget Life Plant
8%
Leon Hypercharge Limbo
8%
Leon Gadget Lollipop Drop
8%
Penny Star Power Master Blaster
8%
Tick Gadget Mine Mania
8%
Rico Gadget Multiball Launcher
8%
Penny Hypercharge New Lobber
8%
Finx Gadget No Escape
8%
Amber Hypercharge Oil Spill
8%
Pearl Gadget Overcooked
8%
Emz Hypercharge Overhyped Haze
8%
Charlie Hypercharge Pestilence
8%
Griff Gadget Piggy Bank
8%
Maisie Star Power Pinpoint Precision
8%
Buster Hypercharge Plot Armor
8%
Jacky Gadget Pneumatic Booster
8%
Spike Gadget Popping Pincushion
8%
Kit Star Power Power Hungry
8%
Carl Star Power Power Throw
8%
Poco Gadget Protective Tunes
8%
Meeple Gadget Ragequit
8%
Moe Gadget Rat Race
8%
Jacky Gadget Rebuild
8%
Darryl Gadget Recoiling Rotator
8%
Jessie Gadget Recoil Spring
8%
Chuck Gadget Rerouting
8%
Buzz Gadget Reserve Buoy
8%
Trunk Hypercharge Retread
8%
Brock Hypercharge Rocket Barrage
8%
Darryl Star Power Rolling Reload
8%
Ash Gadget Rotten Banana
8%
Penny Gadget Salty Barrel
8%
Dynamike Gadget Satchel Charge
8%
Poco Star Power Screeching Solo
8%
Doug Star Power Self Service
8%
Jessie Star Power Shocky
8%
Charlie Star Power Slimy
8%
Buster Gadget Slo-Mo Replay
8%
Piper Star Power Snappy Sniping
8%
Bo Star Power Snare a Bear
8%
Gus Gadget Soul Switcher
8%
Mico Hypercharge Sound Check
8%
Jessie Gadget Spark Plug
8%
Moe Star Power Speeding Ticket
8%
Lily Star Power Spiky
8%
Gus Star Power Spirit Animal
8%
Darryl Star Power Steel Hoops
8%
Bo Gadget Super Totem
8%
Sandy Hypercharge Swift Winds
8%
Clancy Gadget Tactical Retreat
8%
Darryl Gadget Tar Barrel
8%
Griff Hypercharge Tax Rebate
8%
Colette Hypercharge Teen Spirit
8%
Moe Hypercharge The Big Cheese
8%
Ziggy Star Power The Great Ziggini
8%
Meeple Hypercharge The Last Rulebender
8%
Larry & Lawrie Hypercharge The Three-Bot Problem
8%
Rosa Star Power Thorny Gloves
8%
Chuck Star Power Tickets Please!
8%
Surge Star Power To the Max!
8%
Buzz Star Power Tougher Torpedo
8%
Maisie Star Power Tremors
8%
Bo Gadget Tripwire
8%
Penny Gadget Trusty Spyglass
8%
Poco Gadget Tuning Fork
8%
Gale Gadget Twister
8%
Rosa Gadget Unfriendly Bushes
8%
Eve Star Power Unnatural Order
8%
Buster Gadget Utility Belt
8%
Bibi Gadget Vitamin Booster
8%
Tick Star Power Well Oiled
8%
Grom Star Power X-Factor
8%
Alli Star Power You Better Run, You Better Take Cover
8%
Kaze Star Power Advanced Techniques
0%
Ruffs Star Power Air Superiority
0%
Ruffs Gadget Air Support
0%
Ollie Gadget All Eyez on Me
0%
Gray Hypercharge Another Dimension
0%
Nani Star Power Autofocus
0%
Janet Gadget Backstage Pass
0%
Darryl Hypercharge Barrel o' Bullets
0%
Hank Gadget Barricade
0%
Tara Star Power Black Portal
0%
Bonnie Star Power Black Powder
0%
Mina Star Power Blown Away
0%
Dynamike Hypercharge Boomer
0%
Barley Hypercharge Bottled-Up Rage
0%
Squeak Hypercharge Bouncy Blob
0%
Stu Gadget Breakthrough
0%
Griff Star Power Business Resilience
0%
Buzz Hypercharge Buzzwatch
0%
Chester Gadget Candy Beans
0%
Kit Gadget Cardboard Box
0%
Crow Star Power Carrion Crow
0%
Bo Hypercharge Catch a Bear
0%
Squeak Star Power Chain Reaction
0%
Ash Gadget Chill Pill
0%
Mico Gadget Clipping Scream
0%
Mortis Star Power Coiled Snake
0%
Griff Gadget Coin Shower
0%
Trunk Star Power Colony Scouts
0%
Cordelius Star Power Comboshrooms
0%
Mortis Gadget Combo Spinner
0%
Cordelius Hypercharge Complete Darkness
0%
Mandy Gadget Cookie Crumbs
0%
Bonnie Gadget Crash Test
0%
Mortis Star Power Creepy Harvest
0%
Chester Hypercharge Crunchy, Chewy, Gooey
0%
Lou Gadget Cryo Syrup
0%
Amber Gadget Dancing Flames
0%
Bonnie Hypercharge Daredevil
0%
Kenji Gadget Dashi Dash
0%
Crow Gadget Defense Booster
0%
Maisie Gadget Disengage!
0%
Willow Gadget Dive
0%
Moe Gadget Dodgy Digging
0%
Otis Gadget Dormant Star
0%
Doug Gadget Double Sausage
0%
Berry Hypercharge Double Scoops
0%
Janet Gadget Drop The Bass
0%
Ziggy Gadget Electric Shuffle
0%
Juju Gadget Elementalist
0%
Angelo Star Power Empower
0%
Draco Star Power Expose
0%
Melodie Star Power Extended Mix
0%
Jae-yong Star Power Extra High Note
0%
Crow Star Power Extra Toxic
0%
Gray Star Power Fake Injury
0%
Melodie Star Power Fast Beats
0%
Doug Star Power Fast Food
0%
Alli Gadget Feed the Gators
0%
Ruffs Star Power Field Promotion
0%
Amber Gadget Fire Starters
0%
Ash Star Power First Bash
0%
Edgar Star Power Fisticuffs
0%
Melodie Hypercharge Flash Mob
0%
Berry Star Power Floor is Fine
0%
Angelo Star Power Flow
0%
Grom Star Power Foot Patrol
0%
Meg Star Power Force Field
0%
Trunk Gadget For the Queen!
0%
Lola Gadget Freeze Frame
0%
Gale Star Power Freezing Snow
0%
Berry Gadget Friendship is Great
0%
Sprout Gadget Garden Mulcher
0%
Stu Star Power Gaso-Heal
0%
Colette Gadget Gotcha!
0%
Gray Gadget Grand Piano
0%
Rosa Hypercharge Grasping Roots
0%
Grom Hypercharge Grom Bomb Goes Boom!
0%
Belle Star Power Grounded
0%
Juju Star Power Guarded Gris-Gris
0%
R-T Gadget Hacks!
0%
Lumi Star Power Half-time
0%
Mr. P Star Power Handle With Care
0%
Mandy Star Power Hard Candy
0%
Edgar Gadget Hardcore
0%
Shade Star Power Hardened Hoodie
0%
Edgar Star Power Hard Landing
0%
Tick Hypercharge Headstrong
0%
Tara Star Power Healing Shade
0%
Sandy Star Power Healing Winds
0%
Berry Gadget Healthy Additives
0%
Sam Star Power Hearty Recovery
0%
Pearl Star Power Heat Retention
0%
Pearl Star Power Heat Shield
0%
Meg Star Power Heavy Metal
0%
Kaze Gadget Hensojutsu
0%
Finx Star Power Hieroglyph Halt
0%
Lumi Gadget Hit the Lights
0%
Piper Gadget Homemade Recipe
0%
Hank Hypercharge Homing Fish-iles
0%
Bea Star Power Honeycomb
0%
Bea Gadget Honey Molasses
0%
Kenji Gadget Hosomaki Healing
0%
Sam Hypercharge Hyper Fist
0%
Gene Hypercharge Hyper Hands
0%
Lou Star Power Hypothermia
0%
Lou Gadget Ice Block
0%
Lola Star Power Improvise
0%
Stu Hypercharge Infinitro
0%
Lola Hypercharge Inflated Ego
0%
Otis Star Power Ink Refills
0%
Angelo Hypercharge In My Element
0%
Mandy Star Power In My Sights
0%
Bea Star Power Insta Beaload
0%
Melodie Gadget Interlude
0%
Hank Star Power It's Gonna Blow
0%
Meg Gadget Jolting Volts
0%
Shade Gadget Jump Scare
0%
Griff Star Power Keep the Change
0%
Ollie Star Power Kick, Push
0%
Draco Gadget Last Stand
0%
Alli Star Power Lizard Limbs
0%
Shade Gadget Longarms
0%
Willow Star Power Love Is Blind
0%
Ash Star Power Mad As Heck
0%
Pearl Gadget Made With Love
0%
Gene Star Power Magic Puffs
0%
Belle Hypercharge Magnetic
0%
Sam Gadget Magnetic Field
0%
Janet Hypercharge Magnum Opus
0%
Berry Star Power Making a Mess
0%
Kit Hypercharge Making Biscuits
0%
Pam Star Power Mama's Hug
0%
Pam Star Power Mama's Squeeze
0%
Meeple Gadget Mansions of Meeple
0%
Colette Star Power Mass Tax
0%
Angelo Gadget Master Fletcher
0%
Poco Hypercharge Medic's Melody
0%
Mico Star Power Monkey Business
0%
Eve Gadget Motherly Love
0%
Cordelius Star Power Mushroom Kingdom
0%
Colette Gadget Na-Ah!
0%
Belle Gadget Nest Egg
0%
Trunk Star Power New Insect Overlords
0%
Gray Star Power New Perspective
0%
Kenji Star Power Nigiri Nemesis
0%
Ziggy Gadget Now You See Me...
0%
Juju Star Power Numbing Needles
0%
Willow Star Power Obsession
0%
Larry & Lawrie Gadget Order: Fall Back
0%
Larry & Lawrie Gadget Order: Swap
0%
Edgar Hypercharge Outburst
0%
Bibi Hypercharge Out of Bounds
0%
R-T Gadget Out of Line
0%
Sprout Star Power Overgrowth
0%
Kit Star Power Overly Attached
0%
Melodie Gadget Perfect Pitch
0%
Charlie Gadget Personal Space
0%
Max Gadget Phase Shifter
0%
Otis Gadget Phat Splatter
0%
Sprout Star Power Photosynthesis
0%
Cordelius Gadget Poison Mushroom
0%
Mr. P Gadget Porter Reinforcements
0%
Belle Star Power Positive Feedback
0%
Frank Star Power Power Grab
0%
Surge Gadget Power Shield
0%
Surge Gadget Power Surge
0%
Mico Gadget Presto
0%
Bea Hypercharge Protect the Queen
0%
Larry & Lawrie Star Power Protocol: Assist
0%
Tara Gadget Psychic Enhancer
0%
Willow Hypercharge Psychic Safety
0%
Pam Gadget Pulse Modulator
0%
Sam Gadget Pulse Repellent
0%
Clancy Star Power Pumping Up
0%
Colette Star Power Push It
0%
Pearl Hypercharge Pyrolitic
0%
R-T Star Power Quick Maths
0%
Grom Gadget Radio Check
0%
Ash Hypercharge Rat King
0%
Bea Gadget Rattled Hive
0%
Clancy Hypercharge Recall of Duty
0%
R-T Star Power Recording
0%
Mico Star Power Record Smash
0%
Ollie Gadget Regulate
0%
Sam Star Power Remote Recharge
0%
Ollie Star Power Renegade
0%
Cordelius Gadget Replanting
0%
Lily Gadget Repot
0%
Squeak Gadget Residue
0%
Nani Gadget Return to Sender
0%
Belle Gadget Reverse Polarity
0%
Mr. P Star Power Revolving Door
0%
Sandy Star Power Rude Sands
0%
Meeple Star Power Rule Bending
0%
Max Star Power Run n' Gun
0%
Amber Star Power Scorchin' Siphon
0%
Jessie Hypercharge Scrappy 2.0
0%
Pam Gadget Scrapsucker
0%
Lola Star Power Sealed With a Kiss
0%
Jacky Hypercharge Seismic Event
0%
Frank Hypercharge Seismic Smash
0%
Surge Star Power Serve Ice Cold
0%
Mr. P Gadget Service Bell
0%
Draco Star Power Shredding
0%
Otis Hypercharge Silent Stunner
0%
Chester Star Power Single Bell 'O' Mania
0%
Moe Star Power Skipping Stones
0%
Sandy Gadget Sleep Stimulator
0%
Crow Gadget Slowing Toxin
0%
Lou Hypercharge Slushie Storm
0%
Leon Star Power Smoke Trails
0%
Clancy Gadget Snappy Shooting
0%
Chester Star Power Sneak Peek
0%
Max Gadget Sneaky Sneakers
0%
Stu Gadget Speed Zone
0%
Willow Gadget Spellbound
0%
Chester Gadget Spicy Dice
0%
Gene Star Power Spirit Slap
0%
Frank Star Power Sponge
0%
Gus Hypercharge Spooky Pop
0%
Shade Star Power Spooky Speedster
0%
Gale Gadget Spring Ejector
0%
Janet Star Power Stage View
0%
Otis Star Power Stencil Glue
0%
Angelo Gadget Stinging Flight
0%
Kenji Star Power Studied the Blade
0%
Lola Gadget Stunt Double
0%
Mandy Hypercharge Sugar for All!
0%
Bonnie Gadget Sugar Rush
0%
Max Star Power Super Charged
0%
Lou Star Power Supercool
0%
Tara Hypercharge Supermassive
0%
Mr. P Hypercharge Super Porters! Assemble!
0%
Squeak Star Power Super Sticky
0%
Tara Gadget Support from Beyond
0%
Mortis Gadget Survival Shovel
0%
Sandy Gadget Sweet Dreams
0%
Hank Star Power Take Cover!
0%
Ruffs Gadget Take Cover
0%
Nani Star Power Tempered Steel
0%
Jae-yong Star Power The Crowd Goes Mild
0%
Shade Hypercharge The Frightener
0%
Ruffs Hypercharge The Goodest Boy
0%
Sprout Hypercharge Thorns
0%
Ziggy Star Power Thunderstruck
0%
Jae-yong Gadget Time For a Slow Song
0%
Meg Gadget Toolbox
0%
Sprout Gadget Transplant
0%
Rico Hypercharge Trick Shot King
0%
Meg Hypercharge Tungsten Toughness
0%
Max Hypercharge Unlimited Energy
0%
Draco Gadget Upper Cut
0%
Crow Hypercharge Utility Knives
0%
Lily Gadget Vanish
0%
Gene Gadget Vengeful Spirits
0%
Lily Star Power Vigilance
0%
Janet Star Power Vocal Warm Up
0%
Juju Gadget Voodoo Chile
0%
Gray Gadget Walking Cane
0%
Nani Gadget Warpin' Time
0%
Grom Gadget Watchtower
0%
Hank Gadget Water Balloons
0%
Jae-yong Gadget Weekend Warrior
0%
Amber Star Power Wild Flames
0%
Mina Gadget Windmill
0%
Squeak Gadget Windup
0%
Bonnie Star Power Wisdom Tooth
0%
Trunk Gadget Worker Ants
0%
Buzz Gadget X-Ray-Shades
0%
Stu Star Power Zero Drag
0%
No matching quizzes found
Score Distribution
Percent of People with Each Score
Percentile by Number Answered
Your Score History
You have not taken this quiz